Drapeaux des pays et territoires nordiques (non exhaustif) - Statistiques

Statistiques générales
  • Ce quiz a été pris 231 fois
  • Le résultat moyen est 7 sur 13
Statistiques - réponses
Par images Réponse % Correct
Finlande
100%
Danemark
99%
Islande
99%
Norvège
99%
Suède
97%
Groenland
80%
Îles Féroé
78%
Îles Åland
65%
Sápmi/Territoire Sami
17%
Scanie
6%
République du Jämtland
3%
Schleswig-Holstein
3%
Dalécarlie
2%
Aucun quiz correspondant
Distribution des résultats
% des personnes avec chaque résultat
Percentile par nombre de réponses
Votre historique - résultats
Vous n’avez pas pris ce quiz